Conceptos claves : gramática, lingüística, literatura /

Guardado en:
Autor Principal: Marín, Marta
Formato: Libro
Publicado: Buenos Aires : Aique, 1995
Edición:2a. ed.
Series:De la Palabra
Materias:
Etiquetas: Agregar Etiqueta
Sin Etiquetas, Sea el primero en etiquetar este registro!
LEADER 00570nam a22002055a 4500
001 CEM.cems009457
005 20081209103547.0
008 130507s1995##################000#0#####d
003 CEMS
020 |a 9507010971 
082 0 4 |a 465 
100 1 |a Marín, Marta 
245 1 0 |a Conceptos claves :  |b gramática, lingüística, literatura /  |c Marta Marín 
250 |a 2a. ed. 
260 |a Buenos Aires :  |b Aique,  |c 1995 
300 |a 239 p. 
490 0 |a De la Palabra 
653 |a Linguística 
653 |a Gramática 
859 |a CEMS  |b BIB. CEMS - 11 de abril  |h 465  |i M338  |p 19210.97  |t Ej.1